Capitais Mundiais com Mais Turistas Internacionais - Statistics

Estatísticas Gerais
  • Esse quiz foi jogado 139 vezes
  • A pontuação média é 13 de 20
Estatísticas das Respostas
# Capital % Correto
15.0 mi. Paris
99%
18.6 mi. Londres
97%
4.6 mi. Madri
94%
9.6 mi. Roma
94%
8.5 mi. Tóquio
94%
4.2 mi. Pequim
92%
4.9 mi. Berlim
88%
4.4 mi. Moscou
82%
8.8 mi. Seul
76%
5.9 mi. Nova Deli
70%
5.7 mi. Viena
68%
5.9 mi. Amsterdão
67%
4.6 mi. Dublin
60%
18.7 mi. Banguecoque
58%
7.0 mi. Praga
54%
16.9 mi. Singapura
36%
4.6 mi. Riade
32%
12.2 mi Kuala Lumpur
25%
9.0 mi. Taipei
9%
6.4 mi. Manama
4%
Nenhum quiz correspondente encontrado
Distribuição das Pontuações
Porcentagem de Pessoas com Cada Pontuação
Percentil de Números Respondidos
Sua Pontuação Histórica
Você não jogou esse quiz